Chile : Selected Issues.

This Selected Issues paper examines economic developments in Chile during 1995-97. Average output growth exceeded 7 percent in 1995-97 and twelve-month inflation fell from 9 percent at end-1994 to 6 percent at end-1997. Economic management during this period was complicated by a sharp swing in expor...

Deskribapen osoa

Xehetasun bibliografikoak
Erakunde egilea: International Monetary Fund
Formatua: Aldizkaria
Hizkuntza:English
Argitaratua: Washington, D.C. : International Monetary Fund, 1998.
Saila:IMF Staff Country Reports; Country Report ; No. 1998/026
Sarrera elektronikoa:Full text available on IMF
LEADER 01539cas a2200241 a 4500
001 AALejournalIMF000593
008 230101c9999 xx r poo 0 0eng d
020 |c 5.00 USD 
020 |z 9781451807462 
022 |a 1934-7685 
040 |a BD-DhAAL  |c BD-DhAAL 
110 2 |a International Monetary Fund. 
245 1 0 |a Chile :   |b Selected Issues. 
264 1 |a Washington, D.C. :  |b International Monetary Fund,  |c 1998. 
300 |a 1 online resource (158 pages) 
490 1 |a IMF Staff Country Reports 
500 |a <strong>Off-Campus Access:</strong> No User ID or Password Required 
500 |a <strong>On-Campus Access:</strong> No User ID or Password Required 
506 |a Electronic access restricted to authorized BRAC University faculty, staff and students 
520 3 |a This Selected Issues paper examines economic developments in Chile during 1995-97. Average output growth exceeded 7 percent in 1995-97 and twelve-month inflation fell from 9 percent at end-1994 to 6 percent at end-1997. Economic management during this period was complicated by a sharp swing in export prices, and-up to the last quarter of 1997-strong and rising capital inflows. After a surge in 1995, the price of copper declined by more than 20 percent in 1996, recovered in early 1997, and fell sharply later in the year. 
538 |a Mode of access: Internet 
830 0 |a IMF Staff Country Reports; Country Report ;  |v No. 1998/026 
856 4 0 |z Full text available on IMF  |u http://elibrary.imf.org/view/journals/002/1998/026/002.1998.issue-026-en.xml  |z IMF e-Library